| 000 | 00553nam a2200217Ia 4500 | ||
|---|---|---|---|
| 001 | 74068 | ||
| 003 | OSt | ||
| 005 | 20160922121355.0 | ||
| 008 | 160804s9999||||xx |||||||||||||| ||und|| | ||
| 020 | _a9780190461911 | ||
| 040 | _cPK-LaUMT | ||
| 082 |
_a R 305.42 _bOXF- |
||
| 100 | _aWaylen, Georgina | ||
| 245 | 4 |
_aThe Oxford handbook of gender and politics/ _cWaylen, Georgina|[et al, ] |
|
| 260 |
_aOxford: _bOxford University Press, _c2016 |
||
| 300 | _a872 p. | ||
| 546 | _aEN | ||
| 650 | _aFeminism | ||
| 700 | _a[et al, ] | ||
| 942 |
_cREF _2ddc |
||
| 999 |
_c87212 _d87212 |
||